| 000 | 00692nam a22002177a 4500 | ||
|---|---|---|---|
| 999 |
_c216381 _d216381 |
||
| 005 | 20260302110551.0 | ||
| 008 | 260302b ||||| |||| 00| 0 eng d | ||
| 020 | _a9787500124269 | ||
| 040 |
_aLC _cUNZA _dRDA _eRDA |
||
| 050 |
_aPK 1722.A2 _bTAG 2010 |
||
| 100 | _aTagore, Rabindranath | ||
| 245 |
_aRabindranath Tagore: _bAn anthology/ _cRabindranath Tagore |
||
| 260 |
_aBeijing: _bChina Translation & Publishing House, _c2010 |
||
| 300 |
_a189 pages: _c24cm |
||
| 336 | _aText | ||
| 337 | _aUnmediated | ||
| 338 | _aSeries | ||
| 440 |
_aBilingual Masterpieces Accessible Reading Series, _nLevel 4. |
||
| 650 |
_aIndic Poetry _y20th Century _zTranslations into Chinese |
||
| 942 | _cBOOK | ||